000 00432nam a2200157 i 4500
001 102556
003 ES-MaACL
005 20230906183132.0
007 t|
008 051117s1963 sp ||||1| spa d
100 1 _aMerino, Joaquín.
_980518
245 1 0 _aSecundino /
_cJoaquín Merino.
260 _aZaragoza :
_b[s.n.],
_c1963 (
_fImp. Heraldo de Aragón)
300 _a206 p. ;
_c23 cm.
852 _aES-MaACL
_jC-23479
_bR.52121
999 _c102556
_d102556